| 000 | 00767nam a2200241 a 4500 | ||
|---|---|---|---|
| 001 | 12984 | ||
| 003 | BD-JhCC | ||
| 005 | 20230610120321.0 | ||
| 008 | 230610s2020 bg |||| |||| 000 0 ben d | ||
| 020 | _a9789843489357 | ||
| 035 | _a(BD-JhCC)12984 | ||
| 040 |
_aBD-JhCC _dBD-JhCC |
||
| 041 | _aben | ||
| 041 | _aEng | ||
| 082 |
_a891.4409 _bHOS 2020 |
||
| 100 | _aহোসেন, রুবিনা | ||
| 245 |
_aদীপ তপন : _bশহিদ বদিউল আলম স্মারকগ্রন্থ / _cরুবিনা হোসেন |
||
| 260 |
_aঢাকা : _bরচিয়িতা, _c২০২০ |
||
| 300 |
_a৩২০ পৃ. : _c২২ সেমি. |
||
| 600 | _aAlom, Shaid Badiul | ||
| 650 | _aMomoriandum | ||
| 942 |
_2ddc _cBK |
||
| 999 |
_c12984 _d12984 |
||